ਪੱਥਰ ਦੀ ਅੱਖ / (Record no. 109696)
[ view plain ]
| 000 -LEADER | |
|---|---|
| fixed length control field | 00879nam a22002417a 4500 |
| 005 - DATE AND TIME OF LATEST TRANSACTION | |
| control field | 20170123164141.0 |
| 010 ## - LIBRARY OF CONGRESS CONTROL NUMBER | |
| LC control number | A-506724 |
| 020 ## - INTERNATIONAL STANDARD BOOK NUMBER | |
| Terms of availability | 30.00 |
| 035 ## - SYSTEM CONTROL NUMBER | |
| System control number | A-506724 |
| 040 ## - CATALOGING SOURCE | |
| Original cataloging agency | DPL |
| 082 ## - DEWEY DECIMAL CLASSIFICATION NUMBER | |
| Classification number | ਉ |
| Item number | ਅਜੀਤ |
| 100 ## - MAIN ENTRY--PERSONAL NAME | |
| Personal name | ਅਜੀਤ ਸਿੰਘ |
| 9 (RLIN) | 16157 |
| 245 ## - TITLE STATEMENT | |
| Title | ਪੱਥਰ ਦੀ ਅੱਖ / |
| Statement of responsibility, etc | ਅਜੀਤ ਸਿੰਘ |
| 246 ## - VARYING FORM OF TITLE | |
| Title proper/short title | Patthar di aakh |
| Remainder of title | by Ajit singh |
| 260 ## - PUBLICATION, DISTRIBUTION, ETC. (IMPRINT) | |
| Place of publication, distribution, etc | ਦਿੱਲੀ |
| Name of publisher, distributor, etc | ਨੈਸ਼ਨਲ ਬੁਕ ਸ਼ਾਪ |
| 270 ## - ADDRESS | |
| Address | ਪਲੱਈਅਰ ਗਾਰਡਨ ਮਾਰਕੀਟ, ਚਾਂਦਨੀ ਚੌਕ, |
| City | ਦਿੱਲੀ |
| Postal code | 110006 |
| 300 ## - PHYSICAL DESCRIPTION | |
| Extent | 133p. |
| Dimensions | 20cm(Hb) |
| 650 ## - SUBJECT ADDED ENTRY--TOPICAL TERM | |
| Topical term or geographic name as entry element | ਪੰਜਾਬੀ ਸਾਹਿਤ-ਨਾਵਲ |
| 9 (RLIN) | 16158 |
| 650 ## - SUBJECT ADDED ENTRY--TOPICAL TERM | |
| Topical term or geographic name as entry element | ਪੰਜਾਬੀ ਸਾਹਿਤ |
| 9 (RLIN) | 779 |
| 650 ## - SUBJECT ADDED ENTRY--TOPICAL TERM | |
| Topical term or geographic name as entry element | Punjabi Literature |
| 9 (RLIN) | 781 |
| 650 ## - SUBJECT ADDED ENTRY--TOPICAL TERM | |
| Topical term or geographic name as entry element | Punjabi Literature-Novel |
| 9 (RLIN) | 1580 |
| 942 ## - ADDED ENTRY ELEMENTS (KOHA) | |
| Source of classification or shelving scheme | Dewey Decimal Classification |
| Koha item type | Punjabi Bks |
| Classification part | ਉ |
| Call number suffix | ਅਜੀਤ |
| Withdrawn status | Lost status | Damaged status | Not for loan | Home library | Current library | Date acquired | Source of acquisition | Cost, normal purchase price | Total Checkouts | Full call number | Barcode | Date last seen | Copy number | Cost, replacement price | Price effective from | Koha item type |
|---|---|---|---|---|---|---|---|---|---|---|---|---|---|---|---|---|
| Central Library | Central Library | 12/06/2015 | Cen Lib/Ret | 30.00 | ਉ ਅਜੀਤ | A-506724 | 12/06/2015 | 1 | 30.00 | 15/09/2016 | Punjabi Bks |
